| 000 | 00773nam a2200205 i 4500 | ||
|---|---|---|---|
| 001 | 130439 | ||
| 003 | ES-MaACL | ||
| 005 | 20230906193737.0 | ||
| 007 | t| | ||
| 008 | 070730q19101919sp ||||1| spa d | ||
| 100 | 1 |
_aZapata, Luis. _9117989 |
|
| 245 | 1 | 0 |
_aMiscelánea _b: silva de casos curiosos / _cpor Luis Zapata de Chaves ; selección con semblaza y notas Antonio R. Rodríguez Moñino. |
| 260 |
_aMadrid : _bCia. Ibero-Americana de Publicaciones, _c[191-?] |
||
| 300 |
_a172 p. ; _c19 cm. |
||
| 490 | 1 |
_aLas cien mejores obras de la literatura española ; _v94 |
|
| 700 | 1 |
_aRodríguez-Moñino, Antonio. _998681 |
|
| 830 | 0 |
_aLas cien mejores obras de la literatura española ; _v94 _9181993 |
|
| 852 |
_aES-MaACL _jA-7845 _bR.97355 |
||
| 999 |
_c130439 _d130439 |
||